[Event "Tambov Korensky Memorial 27th"]
[Site "Tambov"]
[Date "2018.08.16"]
[Round "6"]
[White "Zinovjev, Yury V"]
[Black "Gagloev, Dmitry"]
[Result "1/2-1/2"]
[WhiteElo "2064"]
[BlackElo "2073"]
[PlyCount "58"]
[EventDate "2018.08.11"]
[EventType "swiss"]
[EventRounds "9"]
[EventCountry "RUS"]
[SourceTitle "CBM 186 Extra"]
[Source "ChessBase"]
[SourceDate "2018.08.24"]
[SourceVersion "1"]
[SourceVersionDate "2018.08.24"]
[SourceQuality "1"]

1. e4 d6 2. d4 Nf6 3. Nc3 g6 4. Bc4 Bg7 5. Qe2 Nc6 6. Be3 a6 7. 0-0-0 b5 8. e5 bxc4 9. exf6 exf6 10. Bh6+ Kf8 11. Bxg7+ Kxg7 12. Qxc4 Bd7 13. Nge2 Na5 14. Qd5 Nc6 15. Ng3 Re8 16. Rhe1 Ne7 17. Qf3 Rb8 18. Re3 f5 19. Rde1 c6 20. Qf4 Be6 21. h4 Qb6 22. b3 Qb4 23. Qg5 Ng8 24. Nh5+ Kf8 25. Nf4 Bd7 26. d5 Rxe3 27. Rxe3 Re8 28. Rxe8+ Kxe8 29. Qg3 Qc5 1/2-1/2

[Event "Tambov Korensky Memorial 27th"]
[Site "Tambov"]
[Date "2018.08.12"]
[Round "2"]
[White "Kutyanina, Mariya"]
[Black "Gagloev, Dmitry"]
[Result "1/2-1/2"]
[WhiteElo "2006"]
[BlackElo "2073"]
[PlyCount "67"]
[EventDate "2018.08.11"]
[EventType "swiss"]
[EventRounds "9"]
[EventCountry "RUS"]
[SourceTitle "CBM 186 Extra"]
[Source "ChessBase"]
[SourceDate "2018.08.24"]
[SourceVersion "1"]
[SourceVersionDate "2018.08.24"]
[SourceQuality "1"]

1. e4 d6 2. d4 Nf6 3. Nc3 g6 4. g3 Bg7 5. Bg2 0-0 6. Nge2 Nbd7 7. h3 c5 8. Be3 cxd4 9. Nxd4 Ne5 10. b3 Bd7 11. Qd2 Qa5 12. 0-0 Rfe8 13. f4 Nc6 14. a3 a6 15. b4 Qc7 16. Rad1 Rac8 17. Nde2 h5 18. Rf2 Nb8 19. Bd4 Bc6 20. e5 Nfd7 21. exd6 Qxd6 22. Bxc6 Rxc6 23. Qe3 Qe6 24. Qxe6 Rxe6 25. Bxg7 Kxg7 26. Nd5 Rd6 27. Rd3 Kf8 28. Rd4 Nc6 29. Rd3 e6 30. Ne3 Rxd3 31. cxd3 Nf6 32. Nc4 Rd8 33. Rf3 Ke7 34. Kf2 1/2-1/2

[Event "Tambov Korensky Memorial 23rd"]
[Site "Tambov"]
[Date "2014.08.29"]
[Round "7"]
[White "Petrov, Alexander V"]
[Black "Gagloev, Dmitry"]
[Result "0-1"]
[WhiteElo "2050"]
[BlackElo "2055"]
[PlyCount "60"]
[EventDate "2014.08.23"]
[EventType "swiss"]
[EventRounds "9"]
[EventCountry "RUS"]
[SourceTitle "EXT 2015"]
[Source "ChessBase"]
[SourceDate "2014.11.20"]
[SourceVersion "1"]
[SourceVersionDate "2014.11.20"]
[SourceQuality "1"]

1. e4 d6 2. d4 Nf6 3. Nc3 g6 4. f4 Bg7 5. Nf3 c5 6. dxc5 Qa5 7. Bd3 Qxc5 8. Qe2 Bg4 9. Be3 Qh5 10. 0-0 0-0 11. h3 Bxf3 12. Rxf3 Nc6 13. g4 Qa5 14. Qf2 Nd7 15. Rb1 Rab8 16. Kg2 Nc5 17. h4 Bxc3 18. bxc3 Qxa2 19. Rh1 Nxd3 20. cxd3 Qxf2+ 21. Kxf2 a5 22. d4 a4 23. d5 Na5 24. h5 a3 25. hxg6 fxg6 26. Kg3 Rfc8 27. Bb6 Nc4 28. Bd4 Nd2 29. Rd3 Nxe4+ 30. Kf3 Nf6 0-1

[Event "Tambov Korensky Memorial 23rd"]
[Site "Tambov"]
[Date "2014.08.23"]
[Round "1"]
[White "Balashov, Yuri S"]
[Black "Gagloev, Dmitry"]
[Result "1-0"]
[WhiteElo "2432"]
[BlackElo "2055"]
[PlyCount "143"]
[EventDate "2014.08.23"]
[EventType "swiss"]
[EventRounds "9"]
[EventCountry "RUS"]
[SourceTitle "EXT 2015"]
[Source "ChessBase"]
[SourceDate "2014.11.20"]
[SourceVersion "1"]
[SourceVersionDate "2014.11.20"]
[SourceQuality "1"]

1. e4 d6 2. Nc3 Nf6 3. f4 e5 4. Nf3 Nc6 5. Bb5 Bd7 6. d3 Qe7 7. fxe5 dxe5 8. Bg5 Qc5 9. Qd2 Be7 10. 0-0-0 0-0-0 11. h3 h6 12. Be3 Nd4 13. Bxd7+ Nxd7 14. Nd5 Nb6 15. Nxe7+ Qxe7 16. Bxd4 exd4 17. Qa5 Kb8 18. Qe5 Qxe5 19. Nxe5 Rhf8 20. Rhf1 f6 21. Ng6 Rfe8 22. Rf5 c6 23. Rdf1 Kc7 24. h4 Nd7 25. g4 Re6 26. Nf4 Re7 27. g5 hxg5 28. hxg5 fxg5 29. Rxg5 Rf8 30. Rgg1 Rf6 31. Ne2 Rxf1+ 32. Rxf1 c5 33. Nf4 Nf6 34. Rg1 Kd7 35. Rg5 b6 36. Ng6 Re8 37. Nh4 Rg8 38. Nf5 g6 39. Nh4 Ke8 40. Rxg6 Rxg6 41. Nxg6 Kf7 42. Nf4 Nd7 43. Kd2 Kf6 44. c3 Ke5 45. Ne2 b5 46. cxd4+ cxd4 47. b4 Nb8 48. a3 Nc6 49. Nc1 a5 50. bxa5 Nxa5 51. Kc2 Kf4 52. Na2 Nc6 53. Nb4 Ne5 54. Kd2 Kf3 55. Nc2 Nc6 56. Na1 Na5 57. Kc2 Ke3 58. Nb3 Nc6 59. Nc5 Ne5 60. Kd1 Nc6 61. Kc1 Ne5 62. Kc2 Nc6 63. Nd7 b4 64. a4 b3+ 65. Kxb3 Kxd3 66. Nc5+ Ke3 67. Kc4 d3 68. Nxd3 Kxe4 69. Kc5 Nb8 70. Nb4 Nd7+ 71. Kc6 Ne5+ 72. Kb5 1-0